| 000 | 00351nam a2200145Ia 4500 | ||
|---|---|---|---|
| 008 | 230312s9999||||xx |||||||||||||| ||und|| | ||
| 020 | _a10-1-260545-7 | ||
| 082 |
_a620.11 _bBAL-M |
||
| 100 | _aBalasubramaniam;R | ||
| 245 | 0 | _aMaterials Science and Engineering | |
| 260 |
_bJohn _aIndia _c2007 |
||
| 300 | _a758 | ||
| 650 | _aEngineering | ||
| 942 | _cBK | ||
| 999 |
_c3981 _d3981 |
||